| 000 | 01061cam a2200457 4500 | ||
|---|---|---|---|
| 008 | 090401t1999 xxu||||| |||| 00| 0 eng d | ||
| 020 | _a0419245707 | ||
| 035 | _a(Sirsi) u92684 | ||
| 041 | _aeng | ||
| 050 | _a368.56 | ||
| 245 | _aCase studies in post-construction liability and insurance. | ||
| 260 |
_aLondon _bE & F N Spon _c1999 |
||
| 300 | _axix,323p. ; 24cm. | ||
| 350 | _a65 | ||
| 650 | _aARGENTINA | ||
| 650 | _aAUSTRALIA | ||
| 650 | _aCANADA | ||
| 650 | _aCASE LAW | ||
| 650 | _aCHILE | ||
| 650 | _aCHINA | ||
| 650 | _aCONSTRUCTION LIABILITY | ||
| 650 | _aDENMARK | ||
| 650 | _aFRANCE | ||
| 650 | _aGERMANY | ||
| 650 | _aHONG KONG | ||
| 650 |
_aInsurance _96249 |
||
| 650 | _aJAPAN | ||
| 650 | _aKUWAIT | ||
| 650 | _aNORWAY | ||
| 650 | _aSINGAPORE | ||
| 650 | _aSPAIN | ||
| 650 | _aSWEDEN | ||
| 650 | _aSWITZERLAND | ||
| 650 | _aUNITED KINGDOM | ||
| 650 | _aUNITED STATES | ||
| 650 | _aURUGUAY | ||
| 690 |
_aINSURANCE _96249 |
||
| 700 |
_aLavers, Anthony _xEditor |
||
| 942 | _n0 | ||
| 948 | _c13/04/1999 | ||
| 999 |
_c97766 _d97766 |
||